Urea hydrolysis using immobilized urease /
محفوظ في:
| المؤلف الرئيسي: | |
|---|---|
| التنسيق: | أطروحة كتاب |
| اللغة: | English |
| منشور في: |
2000.
|
| الموضوعات: | |
| الوصول للمادة أونلاين: | http://studentsrepo.um.edu.my/id/eprint/2266 |
| الوسوم: |
إضافة وسم
لا توجد وسوم, كن أول من يضع وسما على هذه التسجيلة!
|
| LEADER | 01196cam a2200301 a 4500 | ||
|---|---|---|---|
| 001 | u461817 | ||
| 003 | SIRSI | ||
| 008 | 790926s2000 my a t 00 11 eng m | ||
| 035 | |a ACK-6142 | ||
| 040 | |a UMM | ||
| 090 | |a TP248.65 |b U7Aru | ||
| 091 | |a Microfiche 14903 | ||
| 100 | 1 | 0 | |a Arullan, Anita. |
| 245 | 1 | 0 | |a Urea hydrolysis using immobilized urease / |c by Anita Arullan @ Arulandu. |
| 260 | 0 | |c 2000. | |
| 300 | |a 1 v. (various pagings) : |b ill. ; |c 30 cm. | ||
| 500 | |a Microfiche. Kuala Lumpur : University of Malaya Library, 2000. 2 fiches : negative ; 11 x 15 cm. | ||
| 502 | |a Dissertation (M.Biotech.) -- Institut Pengajian Siswazah dan Penyelidikan, Universiti Malaya, 2000. | ||
| 504 | |a Bibliography : leaves R1-R19 | ||
| 650 | 0 | |a Urease. | |
| 650 | 0 | |a Immobilized enzymes. | |
| 650 | 0 | |a Hydrolysis. | |
| 710 | 2 | 0 | |a Universiti Malaya. |b Institut Pengajian Siswazah dan Penyelidikan. |
| 856 | 4 | 1 | |u http://studentsrepo.um.edu.my/id/eprint/2266 |
| 948 | |a 29/05/2000 |b 24/09/2003 | ||
| 596 | |a 1 | ||
| 999 | |a TP248.65 U7ARU |w LC |c 1 |i A509545264 |l STACKS |m P01UTAMA |r Y |s Y |t TESIS |u 6/6/2000 | ||
| 999 | |a TP248.65 U7ARU |w LC |c 2 |i A509089945 |l B_KOM4 |m P01UTAMA |r Y |s Y |t TESIS |u 13/7/2000 |o .PUBLIC. BKOM4: 42627 | ||
